Miasta partnerskie Krakowa - Statystyki

Ogólne statystyki
  • Ten quiz został rozwiązany 6 razy
  • Średni wynik to 7 z 24
Statystyki odpowiedzi
Kraj Miasto % Poprawnych
Słowacja Bratysława
100%
Węgry Budapeszt
100%
Ukraina Lwów
75%
Francja Bordeaux
50%
Włochy Rzym
50%
Litwa Wilno
50%
Chorwacja Zagrzeb
50%
Wielka Brytania Edynburg
25%
Maroko Fez
25%
Szwecja Göteborg
25%
Austria Innsbruck
25%
Belgia Liège
25%
Niemcy Lipsk
25%
Brazylia Rio de Janeiro
25%
USA San Francisco
25%
Hiszpania Sewilla
25%
Gruzja Tbilisi
25%
Peru Cusco
0%
Włochy Florencja
0%
Niemcy Frankfurt nad Menem
0%
Francja Orlean
0%
Węgry Pecz
0%
USA Rochester
0%
Szwajcaria Solura
0%
Nie znaleziono quizów pasujących do podanych kryteriów
Rozkład punktacji
Procent ludzi z każdym wynikiem
Percentyl według liczby udzielonych odpowiedzi
Twoja historia wyników
Nie rozwiązałeś tego quizu